[Event "NED-chT 2223"]
[Site "Netherlands"]
[Date "2023.02.11"]
[Round "6.9"]
[White "Okkes, Menno"]
[Black "Miesen, Fabian"]
[Result "0-1"]
[WhiteElo "2325"]
[BlackElo "2193"]
[PlyCount "50"]
[EventDate "2022.09.17"]
[EventType "team-tourn"]
[EventRounds "9"]
[EventCountry "NED"]
[SourceTitle "EXT 2024"]
[Source "ChessBase"]
[SourceDate "2023.10.10"]
[SourceVersion "1"]
[SourceVersionDate "2023.10.10"]
[SourceQuality "1"]
[WhiteTeam "Paul Keres"]
[BlackTeam "Zuid Limburg"]
[WhiteTeamCountry "NED"]
[BlackTeamCountry "NED"]

1. c4 c6 2. Nf3 d5 3. e3 Nf6 4. Nc3 e6 5. b3 Bd6 6. d4 0-0 7. Bd3 Nbd7 8. 0-0 b6 9. Bb2 Bb7 10. Re1 Re8 11. e4 dxe4 12. Nxe4 Nxe4 13. Bxe4 Nf6 14. Bc2 c5 15. Ne5 Qc7 16. Qe2 Rad8 17. Rad1 cxd4 18. Rxd4 Bxe5 19. Rxd8 Bxh2+ 20. Kh1 Rxd8 21. Bxf6 gxf6 22. Qh5 Be5 23. f4 Bxf4 24. Qxh7+ Kf8 25. Bf5 Qe5 0-1

[Event "Hoogeveen op 23rd"]
[Site "Hoogeveen"]
[Date "2019.10.26"]
[Round "9"]
[White "Morozov, Nichita"]
[Black "Okkes, Menno"]
[Result "1/2-1/2"]
[WhiteElo "2394"]
[BlackElo "2326"]
[PlyCount "108"]
[EventDate "2019.10.19"]
[EventType "swiss"]
[EventRounds "9"]
[EventCountry "NED"]
[SourceTitle "CBM 192 Extra"]
[Source "Chessbase"]
[SourceDate "2019.11.06"]
[SourceVersion "1"]
[SourceVersionDate "2019.11.06"]
[SourceQuality "1"]

1. d4 Nf6 2. c4 g6 3. Nc3 d5 4. Bf4 Bg7 5. e3 0-0 6. Rc1 Be6 7. Nf3 dxc4 8. Ng5 Bd5 9. e4 h6 10. exd5 hxg5 11. Bxg5 Nxd5 12. Bxc4 Nb6 13. Bb3 Nc6 14. d5 Nd4 15. 0-0 Qd7 16. Re1 Rfe8 17. h4 Rad8 18. h5 gxh5 19. Qxh5 Qf5 20. Qh4 Nxb3 21. axb3 Nxd5 22. Nxd5 Rxd5 23. Bxe7 Rd4 24. Qg3 c6 25. Bd6 Rxe1+ 26. Rxe1 Re4 27. Rd1 Rg4 28. Qh3 Rg5 29. Qxf5 Rxf5 30. Ba3 Rd5 31. Rxd5 cxd5 32. b4 a6 33. Kf1 f5 34. Ke2 Bd4 35. b3 Kf7 36. Bc1 Ke6 37. Be3 Bc3 38. Bd2 Bd4 39. f3 Bf6 40. Kd3 Bg7 41. g4 fxg4 42. fxg4 b5 43. Be3 Kf7 44. Bd4 Bf8 45. Bc3 Kg6 46. Bd2 Bg7 47. Bf4 Bf8 48. Kd4 Bxb4 49. Kxd5 a5 50. Kc6 a4 51. bxa4 bxa4 52. Kb5 Bd6 53. Bxd6 Kg5 54. Kxa4 Kxg4 1/2-1/2

[Event "Hoogeveen op 23rd"]
[Site "Hoogeveen"]
[Date "2019.10.23"]
[Round "6"]
[White "Kaasen, Tor Fredrik"]
[Black "Okkes, Menno"]
[Result "0-1"]
[WhiteElo "2415"]
[BlackElo "2326"]
[PlyCount "62"]
[EventDate "2019.10.19"]
[EventType "swiss"]
[EventRounds "9"]
[EventCountry "NED"]
[SourceTitle "CBM 192 Extra"]
[Source "Chessbase"]
[SourceDate "2019.11.06"]
[SourceVersion "1"]
[SourceVersionDate "2019.11.06"]
[SourceQuality "1"]

1. e4 c5 2. Nf3 d6 3. d4 cxd4 4. Nxd4 Nf6 5. Nc3 a6 6. Bd3 e6 7. f4 Qc7 8. Qe2 Nbd7 9. g4 Nc5 10. Bd2 b5 11. g5 Nfd7 12. Nd5 exd5 13. exd5+ Be7 14. Nc6 Nb8 15. Ba5 Nxd3+ 16. cxd3 Qd7 17. Kd2 Nxc6 18. dxc6 Qg4 19. Qf2 0-0 20. Bc3 Re8 21. h4 Qf5 22. Rag1 Qd5 23. h5 Bf5 24. Bd4 Rac8 25. h6 Bf8 26. Rc1 Rxc6 27. Rxc6 Qxc6 28. Rg1 Rc8 29. Ke3 Qc2 30. Qxc2 Rxc2 31. Kf3 Rd2 0-1

[Event "Hoogeveen op 23rd"]
[Site "Hoogeveen"]
[Date "2019.10.22"]
[Round "5"]
[White "Okkes, Menno"]
[Black "Van Dorp, Folke"]
[Result "1-0"]
[WhiteElo "2326"]
[BlackElo "2086"]
[PlyCount "83"]
[EventDate "2019.10.19"]
[EventType "swiss"]
[EventRounds "9"]
[EventCountry "NED"]
[SourceTitle "CBM 192 Extra"]
[Source "Chessbase"]
[SourceDate "2019.11.06"]
[SourceVersion "1"]
[SourceVersionDate "2019.11.06"]
[SourceQuality "1"]

1. Nf3 Nf6 2. c4 g6 3. Nc3 Bg7 4. e4 d6 5. d4 0-0 6. Be2 e5 7. 0-0 Nc6 8. d5 Ne7 9. Ne1 Nd7 10. Nd3 f5 11. f3 f4 12. Bd2 g5 13. Rc1 Nf6 14. c5 Ng6 15. Nb5 Rf7 16. Ba5 b6 17. cxd6 cxd6 18. Be1 h5 19. Qc2 Ne8 20. Nb4 g4 21. Nc6 Qg5 22. Ncxa7 gxf3 23. Bxf3 Bd7 24. Nc6 Bf8 25. Qf2 Rxa2 26. Na3 Rg7 27. Qxb6 Nf6 28. Qb3 Rxa3 29. bxa3 Ng4 30. Nb8 Nh4 31. Nxd7 Nxg2 32. Nxf8 Nxe1 33. Ne6 Qh4 34. Qb8+ Kh7 35. Nf8+ Kh6 36. Qxd6+ Nf6+ 37. Kh1 Nxf3 38. Rxf3 Qg5 39. Rf2 f3 40. Rcf1 Rg6 41. Nxg6 Nxe4 42. Qf8+ 1-0

[Event "Hoogeveen op 23rd"]
[Site "Hoogeveen"]
[Date "2019.10.20"]
[Round "2"]
[White "Sindarov, Javokhir"]
[Black "Okkes, Menno"]
[Result "1-0"]
[WhiteElo "2513"]
[BlackElo "2326"]
[PlyCount "73"]
[EventDate "2019.10.19"]
[EventType "swiss"]
[EventRounds "9"]
[EventCountry "NED"]
[SourceTitle "CBM 192 Extra"]
[Source "Chessbase"]
[SourceDate "2019.11.06"]
[SourceVersion "1"]
[SourceVersionDate "2019.11.06"]
[SourceQuality "1"]

1. e4 c5 2. Nf3 d6 3. d4 cxd4 4. Nxd4 Nf6 5. Nc3 a6 6. h3 e6 7. g4 Be7 8. Bg2 Nfd7 9. Be3 Nc6 10. h4 Nde5 11. g5 Bd7 12. Nxc6 bxc6 13. b3 c5 14. f4 Nc6 15. Ne2 a5 16. 0-0 h6 17. Qd2 hxg5 18. hxg5 a4 19. f5 Ne5 20. Rad1 Qa5 21. Nc3 axb3 22. axb3 c4 23. b4 Qxb4 24. Rb1 Qa5 25. Bb6 Qa6 26. g6 fxg6 27. fxe6 Bxe6 28. Nd5 Rc8 29. Nxe7 Kxe7 30. Rfd1 Rc6 31. Qg5+ Ke8 32. Qd8+ Kf7 33. Rf1+ Bf5 34. Qxh8 Rxb6 35. exf5 Rxb1 36. Bd5+ Kf6 37. Qd8# 1-0

[Event "Utrecht OKU op 46th"]
[Site "Utrecht"]
[Date "2019.06.02"]
[Round "6"]
[White "Okkes, Menno"]
[Black "Mijnster, Niels"]
[Result "1/2-1/2"]
[WhiteElo "2320"]
[BlackElo "2064"]
[PlyCount "118"]
[EventDate "2019.05.31"]
[EventType "swiss"]
[EventRounds "6"]
[EventCountry "NED"]
[SourceTitle "CBM 190 Extra"]
[Source "ChessBase"]
[SourceDate "2019.07.15"]
[SourceVersion "1"]
[SourceVersionDate "2019.07.15"]
[SourceQuality "1"]

1. Nf3 g6 2. c4 c6 3. Nc3 d5 4. cxd5 cxd5 5. d4 Bg7 6. Bf4 Nf6 7. e3 0-0 8. h3 Nc6 9. Be2 Ne4 10. 0-0 g5 11. Bxg5 Nxg5 12. Nxg5 e5 13. Nf3 e4 14. Nh2 Qg5 15. Kh1 Kh8 16. f4 Qg3 17. Qd2 Ne7 18. Bg4 f5 19. Bd1 Qh4 20. Bb3 Be6 21. Nb5 Rad8 22. Nxa7 Rg8 23. Nb5 Bf6 24. Rg1 Rg3 25. Nc3 Rdg8 26. Ne2 R3g7 27. Qe1 Qh6 28. Qf1 Bh4 29. Rc1 Bg3 30. Rc7 Qh4 31. Nxg3 Rxg3 32. Qf2 Bf7 33. Bd1 Be8 34. a4 Nc6 35. Rxb7 Na5 36. Rb4 Qe7 37. Rb8 Nc4 38. Nf1 R3g7 39. b3 Qc7 40. Rxe8 Rxe8 41. bxc4 dxc4 42. g4 c3 43. gxf5 Rxg1+ 44. Kxg1 Rb8 45. Qh4 Rb2 46. Qf6+ Qg7+ 47. Qxg7+ Kxg7 48. a5 h5 49. a6 h4 50. a7 Ra2 51. Bc2 Rxa7 52. Bxe4 Ra2 53. Nh2 Ra1+ 54. Kg2 Ra2+ 55. Kg1 Ra1+ 56. Nf1 Ra2 57. Bd3 c2 58. Bxc2 Rxc2 59. Nh2 Rc1+ 1/2-1/2

[Event "Utrecht OKU op 46th"]
[Site "Utrecht"]
[Date "2019.06.01"]
[Round "2"]
[White "Ghebreab, Elnathan"]
[Black "Okkes, Menno"]
[Result "0-1"]
[WhiteElo "1886"]
[BlackElo "2320"]
[PlyCount "64"]
[EventDate "2019.05.31"]
[EventType "swiss"]
[EventRounds "6"]
[EventCountry "NED"]
[SourceTitle "CBM 190 Extra"]
[Source "ChessBase"]
[SourceDate "2019.07.15"]
[SourceVersion "1"]
[SourceVersionDate "2019.07.15"]
[SourceQuality "1"]

1. e4 c5 2. Nc3 Nc6 3. f4 g6 4. Nf3 Bg7 5. Bc4 e6 6. 0-0 Nge7 7. Qe1 0-0 8. d3 Nd4 9. Bb3 d6 10. Be3 Nec6 11. Qf2 b6 12. Ba4 Nxf3+ 13. Qxf3 Nd4 14. Qf2 Bb7 15. Rab1 a6 16. Ne2 Nxe2+ 17. Qxe2 d5 18. b4 cxb4 19. Rxb4 b5 20. Bc5 Qc7 21. Bxf8 Bxf8 22. Rb2 bxa4 23. Rfb1 Bc6 24. f5 dxe4 25. fxe6 fxe6 26. Kh1 Qe5 27. dxe4 Bd6 28. g3 Bxe4+ 29. Kg1 Bc5+ 30. Kf1 Rf8+ 31. Ke1 Qc3+ 32. Qd2 Rf1+ 0-1

[Event "Utrecht OKU op 46th"]
[Site "Utrecht"]
[Date "2019.06.01"]
[Round "3"]
[White "Okkes, Menno"]
[Black "Meng, Roger"]
[Result "0-1"]
[WhiteElo "2320"]
[BlackElo "2443"]
[PlyCount "72"]
[EventDate "2019.05.31"]
[EventType "swiss"]
[EventRounds "6"]
[EventCountry "NED"]
[SourceTitle "CBM 190 Extra"]
[Source "ChessBase"]
[SourceDate "2019.07.15"]
[SourceVersion "1"]
[SourceVersionDate "2019.07.15"]
[SourceQuality "1"]

1. Nf3 d5 2. g3 g6 3. Bg2 Bg7 4. d4 Nd7 5. 0-0 Ngf6 6. c4 dxc4 7. Na3 Nb6 8. Nxc4 0-0 9. Nce5 c6 10. b3 a5 11. Bb2 a4 12. e3 Bf5 13. Qe2 Be4 14. Rfc1 Nfd5 15. Ba3 Qc7 16. b4 Bxe5 17. Nxe5 Bxg2 18. Kxg2 Qd6 19. Qd3 Nd7 20. Nc4 Qe6 21. Na5 Rab8 22. b5 cxb5 23. Qxb5 Qe4+ 24. Kg1 Nxe3 25. fxe3 Qxe3+ 26. Kf1 Qxa3 27. Qxd7 Qd3+ 28. Kg1 Qe3+ 29. Kh1 Rfd8 30. Qh3 Rxd4 31. Qg2 Qg5 32. Nxb7 Rd2 33. Qf3 Rb2 34. Nc5 Qd2 35. Kg1 Rxa2 36. Ne4 Qd4+ 0-1

[Event "Hoogeveen op 21st"]
[Site "Hoogeveen"]
[Date "2017.10.28"]
[Round "9"]
[White "Kuljasevic, Davorin"]
[Black "Okkes, Menno"]
[Result "1-0"]
[WhiteElo "2549"]
[BlackElo "2332"]
[PlyCount "69"]
[EventDate "2017.10.21"]
[EventType "swiss"]
[EventRounds "9"]
[EventCountry "NED"]
[SourceTitle "CBM 181 Extra"]
[Source "ChessBase"]
[SourceDate "2017.12.12"]
[SourceVersion "1"]
[SourceVersionDate "2017.12.12"]
[SourceQuality "1"]

1. d4 Nf6 2. c4 g6 3. Nf3 Bg7 4. g3 c5 5. Bg2 0-0 6. Nc3 Nc6 7. d5 Na5 8. Nd2 d6 9. 0-0 a6 10. Qc2 Rb8 11. b3 b5 12. Rb1 e5 13. cxb5 axb5 14. b4 cxb4 15. Rxb4 Bd7 16. Ba3 Qc7 17. Qd3 e4 18. Ncxe4 Nxe4 19. Bxe4 Nb7 20. Bb2 Nc5 21. Qc2 Qa5 22. a3 Ra8 23. Bxg7 Kxg7 24. Qb2+ f6 25. Ra1 Rfc8 26. Bf3 Qd8 27. h4 Ra4 28. Rc1 Qe7 29. Nb3 Qe5 30. Qxe5 fxe5 31. Nxc5 dxc5 32. Rxa4 bxa4 33. Rb1 Kf8 34. Rb7 Ke8 35. Rxd7 1-0

[Event "Hoogeveen op 21st"]
[Site "Hoogeveen"]
[Date "2017.10.22"]
[Round "2"]
[White "De Jongh, Benno"]
[Black "Okkes, Menno"]
[Result "1/2-1/2"]
[WhiteElo "1919"]
[BlackElo "2332"]
[PlyCount "64"]
[EventDate "2017.10.21"]
[EventType "swiss"]
[EventRounds "9"]
[EventCountry "NED"]
[SourceTitle "CBM 181 Extra"]
[Source "ChessBase"]
[SourceDate "2017.12.12"]
[SourceVersion "1"]
[SourceVersionDate "2017.12.12"]
[SourceQuality "1"]

1. d4 Nf6 2. Bg5 d5 3. e3 c5 4. Bxf6 gxf6 5. dxc5 e6 6. c4 dxc4 7. Qxd8+ Kxd8 8. Na3 Bxc5 9. 0-0-0+ Ke7 10. Nxc4 Nc6 11. Ne2 Bd7 12. Nc3 Rac8 13. Kb1 Ne5 14. Nxe5 fxe5 15. Ne4 Bb4 16. Be2 Bc6 17. Bf3 f5 18. Nd2 e4 19. Be2 Bd5 20. Nb3 Rhg8 21. g3 Bxb3 22. axb3 Rgd8 23. h4 Bd2 24. g4 Ba5 25. g5 Rxd1+ 26. Rxd1 Rd8 27. Kc2 Rxd1 28. Kxd1 Bc7 29. Bh5 Be5 30. Kc2 Bh2 31. Kd2 Be5 32. Kc2 Bh2 1/2-1/2

[Event "Hoogeveen Unive op 20th"]
[Site "Hoogeveen"]
[Date "2016.10.21"]
[Round "8"]
[White "Okkes, Menno"]
[Black "Rathnakaran, Kantholi"]
[Result "1-0"]
[WhiteElo "2322"]
[BlackElo "2469"]
[PlyCount "139"]
[EventDate "2016.10.15"]
[EventType "swiss"]
[EventRounds "9"]
[EventCountry "NED"]
[SourceTitle "EXT 2017"]
[Source "ChessBase"]
[SourceDate "2016.10.25"]
[SourceVersion "1"]
[SourceVersionDate "2016.10.25"]
[SourceQuality "1"]

1. Nf3 Nf6 2. c4 g6 3. Nc3 Bg7 4. e4 d6 5. d4 0-0 6. Be2 e5 7. 0-0 Nc6 8. d5 Ne7 9. Ne1 Nd7 10. Be3 f5 11. f3 f4 12. Bf2 g5 13. Rc1 Rf6 14. c5 dxc5 15. Nd3 c4 16. Nc5 Nb6 17. a4 a5 18. Nb5 Bf8 19. Ne6 Bxe6 20. dxe6 Rxe6 21. Rxc4 Rc6 22. Rxc6 Nxc6 23. Qb3+ Kg7 24. Rd1 Qe7 25. Nxc7 Qxc7 26. Bxb6 Qe7 27. Qd5 Qf7 28. Qxf7+ Kxf7 29. Rd7+ Kg6 30. Bc4 Nd4 31. b3 h5 32. Rxb7 g4 33. Kf2 Bb4 34. Bxd4 exd4 35. Rb6+ Kg7 36. Rb7+ Kh6 37. Rb6+ Kg7 38. Rb5 Kg6 39. Rf5 Rf8 40. Rd5 Rf6 41. Ke2 Rd6 42. Rf5 gxf3+ 43. gxf3 Rf6 44. Rb5 Bc3 45. Kd3 h4 46. h3 Rf8 47. Be6 Kf6 48. Bg4 Re8 49. Rf5+ Ke7 50. Re5+ Kf8 51. Rh5 Ke7 52. Rxh4 Rb8 53. Rh7+ Kd6 54. Rh6+ Kc5 55. Be6 Kb4 56. Bc4 Rb7 57. h4 Rg7 58. Rb6+ Ka3 59. e5 Rg1 60. Ke4 Re1+ 61. Kxf4 Bd2+ 62. Kf5 Re3 63. Rd6 Rxf3+ 64. Ke6 Bc3 65. Kd7 Rh3 66. e6 Rxh4 67. e7 Rh7 68. Bd3 Rxe7+ 69. Kxe7 Bb4 70. Bc4 1-0

[Event "Hoogeveen Unive op 20th"]
[Site "Hoogeveen"]
[Date "2016.10.19"]
[Round "5"]
[White "Okkes, Menno"]
[Black "Schoehuys, Erik"]
[Result "1-0"]
[WhiteElo "2322"]
[BlackElo "2169"]
[PlyCount "93"]
[EventDate "2016.10.15"]
[EventType "swiss"]
[EventRounds "9"]
[EventCountry "NED"]
[SourceTitle "EXT 2017"]
[Source "ChessBase"]
[SourceDate "2016.10.25"]
[SourceVersion "1"]
[SourceVersionDate "2016.10.25"]
[SourceQuality "1"]

1. c4 Nf6 2. g3 g6 3. Bg2 Bg7 4. d4 0-0 5. Nf3 d6 6. 0-0 Nbd7 7. Nc3 e5 8. h3 c6 9. e4 Qa5 10. Qc2 exd4 11. Nxd4 Nb6 12. Nce2 Re8 13. Bf4 Qc5 14. Rac1 Be6 15. Nxe6 Rxe6 16. Be3 Qa5 17. Nd4 Re7 18. Nb3 Qa4 19. Rfd1 Ne8 20. a3 Nd7 21. c5 dxc5 22. Nxc5 Qxc2 23. Rxc2 Nxc5 24. Bxc5 Rc7 25. Rcd2 b6 26. Be3 Rac8 27. f4 Bf6 28. e5 Be7 29. Bf1 Ng7 30. Ba6 Nf5 31. Bf2 Rb8 32. g4 Nh4 33. Rd7 Rxd7 34. Rxd7 Bc5 35. Kf1 Nf3 36. Be2 Bxf2 37. Kxf2 Nh4 38. Bc4 Rf8 39. Rxa7 b5 40. Bb3 c5 41. Bd5 g5 42. f5 Rd8 43. Bxf7+ Kf8 44. e6 Rd4 45. Bh5 Rf4+ 46. Ke2 Re4+ 47. Kd3 1-0

[Event "NED-chT 1516"]
[Site "Netherlands"]
[Date "2016.03.19"]
[Round "7.5"]
[White "Okkes, Menno"]
[Black "Kazarian, Anna Maja"]
[Result "0-1"]
[WhiteElo "2336"]
[BlackElo "2259"]
[PlyCount "74"]
[EventDate "2015.09.26"]
[EventType "team-tourn"]
[EventRounds "9"]
[EventCountry "NED"]
[SourceTitle "EXT 2017"]
[Source "ChessBase"]
[SourceDate "2016.10.25"]
[SourceVersion "1"]
[SourceVersionDate "2016.10.25"]
[SourceQuality "1"]
[WhiteTeam "Utrecht"]
[BlackTeam "Rotterdam Pathena"]
[WhiteTeamCountry "NED"]
[BlackTeamCountry "NED"]

1. Nf3 Nf6 2. g3 d5 3. Bg2 g6 4. d4 Bg7 5. c4 c6 6. cxd5 cxd5 7. Nc3 Nc6 8. Ne5 0-0 9. 0-0 Be6 10. Nxc6 bxc6 11. Bf4 Nh5 12. Be3 c5 13. Qd2 Rc8 14. Rad1 c4 15. Bh6 Nf6 16. f3 Qd7 17. g4 Rfd8 18. h3 Bh8 19. Qf4 Qd6 20. e4 Qxf4 21. Bxf4 Ne8 22. Be3 Rb8 23. Rf2 Nc7 24. Bf1 Rb4 25. Rc2 f5 26. Bf4 Nb5 27. exd5 Bxd4+ 28. Kg2 Bxc3 29. bxc3 Ra4 30. Re1 Bxd5 31. Rxe7 fxg4 32. hxg4 Rf8 33. Kg3 g5 34. Be5 Rxf3+ 35. Kh2 Rxf1 36. Rd2 Kf8 37. Rxh7 Rh1+ 0-1

[Event "NED-chT 1415"]
[Site "Netherlands"]
[Date "2015.03.21"]
[Round "7.8"]
[White "Okkes, Menno"]
[Black "Leer, John"]
[Result "1-0"]
[WhiteElo "2337"]
[BlackElo "2038"]
[PlyCount "103"]
[EventDate "2014.09.27"]
[EventType "team-tourn"]
[EventRounds "9"]
[EventCountry "NED"]
[SourceTitle "EXT 2016"]
[Source "ChessBase"]
[SourceDate "2015.10.08"]
[SourceVersion "1"]
[SourceVersionDate "2015.10.08"]
[SourceQuality "1"]
[WhiteTeam "Utrecht"]
[BlackTeam "Charlois Europoort"]
[WhiteTeamCountry "NED"]
[BlackTeamCountry "NED"]

1. Nf3 Nf6 2. c4 c5 3. Nc3 d5 4. cxd5 Nxd5 5. e4 Nxc3 6. dxc3 Qxd1+ 7. Kxd1 Nc6 8. Kc2 Bd7 9. a4 e6 10. Bb5 a6 11. Be2 Be7 12. Bf4 f6 13. Nd2 e5 14. Be3 Na5 15. Nc4 Nxc4 16. Bxc4 Bc6 17. f3 0-0-0 18. a5 Rhf8 19. h4 Kb8 20. h5 h6 21. Be6 Rd6 22. Bc4 Rdd8 23. g4 Rc8 24. Be6 Rcd8 25. c4 Bd7 26. Bd5 Rc8 27. Rhd1 Bc6 28. Bxc6 Rxc6 29. Rd7 Rc7 30. Rxe7 Rxe7 31. Bxc5 Rfe8 32. Bxe7 Rxe7 33. Rd1 Kc7 34. Kc3 Re8 35. b3 Kc6 36. Rd5 Rb8 37. b4 Ra8 38. b5+ axb5 39. cxb5+ Kc7 40. b6+ Kc6 41. Kb4 Rg8 42. Rc5+ Kd6 43. Rc7 g6 44. hxg6 Rxg6 45. Rxb7 h5 46. gxh5 Rg1 47. h6 Rb1+ 48. Kc4 Rh1 49. h7 Rh2 50. Rf7 Ke6 51. b7 Rc2+ 52. Kd3 1-0

[Event "NED-chT 1415"]
[Site "Netherlands"]
[Date "2014.09.27"]
[Round "1.4"]
[White "Tikranian, Alik"]
[Black "Okkes, Menno"]
[Result "0-1"]
[WhiteElo "2151"]
[BlackElo "2337"]
[PlyCount "122"]
[EventDate "2014.09.27"]
[EventType "team-tourn"]
[EventRounds "9"]
[EventCountry "NED"]
[SourceTitle "CBM 162 Extra"]
[Source "ChessBase"]
[SourceDate "2014.10.17"]
[SourceVersion "1"]
[SourceVersionDate "2014.10.17"]
[SourceQuality "1"]
[WhiteTeam "Rotterdam"]
[BlackTeam "Utrecht"]
[WhiteTeamCountry "NED"]
[BlackTeamCountry "NED"]

1. Nf3 Nf6 2. c4 c5 3. Nc3 e6 4. g3 b6 5. Bg2 Bb7 6. b3 Be7 7. 0-0 0-0 8. Bb2 d6 9. Qc2 Nbd7 10. Rad1 a6 11. Rfe1 Qc7 12. e4 Rac8 13. d3 Rfe8 14. h3 Bf8 15. g4 Ne5 16. Ne2 Nfd7 17. Ng3 Ng6 18. Qd2 d5 19. h4 d4 20. Bc1 Bd6 21. h5 Bf4 22. Qe2 Bxc1 23. hxg6 Bf4 24. gxh7+ Kxh7 25. Nh5 g6 26. Nxf4 Qxf4 27. Nh2 Ne5 28. Qd2 g5 29. Qxf4 gxf4 30. Kf1 Rg8 31. Ke2 Kg7 32. Rg1 Kf6 33. Bf3 Rg7 34. g5+ Rxg5 35. Rxg5 Kxg5 36. Rg1+ Kf6 37. Ng4+ Nxg4 38. Rxg4 e5 39. Rh4 Rg8 40. Rh6+ Rg6 41. Rh8 Ke7 42. Rb8 Bc6 43. Rxb6 Bxe4 44. Rb8 Bxf3+ 45. Kxf3 f5 46. Rb7+ Kf6 47. Rc7 Kg5 48. Re7 Rh6 49. Rxe5 Rh3+ 50. Kg2 Rxd3 51. Rxc5 Kg4 52. Rd5 f3+ 53. Kh2 Rd2 54. Rd7 Rxf2+ 55. Kg1 Rxa2 56. c5 Rc2 57. b4 d3 58. Rxd3 Kg3 59. Rd1 Rg2+ 60. Kf1 Rh2 61. Kg1 f2+ 0-1

[Event "Hoogeveen Unive op 17th"]
[Site "Hoogeveen"]
[Date "2013.10.24"]
[Round "7"]
[White "Pancevski, Filip"]
[Black "Okkes, Menno"]
[Result "1-0"]
[WhiteElo "2493"]
[BlackElo "2351"]
[PlyCount "133"]
[EventDate "2013.10.18"]
[EventType "swiss"]
[EventRounds "9"]
[EventCountry "NED"]
[SourceTitle "EXT 2014"]
[Source "ChessBase"]
[SourceDate "2013.11.20"]
[SourceVersion "1"]
[SourceVersionDate "2013.11.20"]
[SourceQuality "1"]

1. e4 c5 2. Nf3 Nc6 3. d4 cxd4 4. Nxd4 Nf6 5. Nc3 d6 6. Bg5 e6 7. Qd2 a6 8. 0-0-0 Be7 9. f4 Nxd4 10. Qxd4 b5 11. Be2 Bb7 12. Bf3 0-0 13. e5 Bxf3 14. exf6 gxf6 15. gxf3 fxg5 16. Ne4 d5 17. h4 Qc7 18. Nxg5 Qc4 19. Qe5 Rac8 20. Rh2 Qc7 21. Qd4 Qc4 22. Rg2 Qxd4 23. Nxe6+ Kh8 24. Nxd4 Bf6 25. Nf5 Rc4 26. Nh6 Bg7 27. Nf5 Bf6 28. Rdg1 h6 29. Ne3 Rxf4 30. Nxd5 Rxf3 31. Nxf6 Rxf6 32. Rg4 Rf2 33. a4 Rh2 34. axb5 axb5 35. Rb4 f5 36. Rf1 Kh7 37. Rxb5 f4 38. h5 Rf7 39. Rd5 f3 40. Rd3 f2 41. Rd2 Rf4 42. Kd1 Kg7 43. Ke2 Kf6 44. Ke3 Ke5 45. Rdxf2 Re4+ 46. Kd3 Rxh5 47. Rf8 Rd4+ 48. Kc3 Rh3+ 49. R1f3 Rxf3+ 50. Rxf3 Rd8 51. b4 h5 52. Rh3 Rh8 53. Rh4 Kf5 54. b5 Kg5 55. Rh2 h4 56. Kb4 h3 57. c4 Kf6 58. b6 Ke7 59. Kb5 Kd7 60. c5 Kc8 61. c6 Kb8 62. Ka6 Rh4 63. Re2 Rh8 64. c7+ Kc8 65. Ka7 Rg8 66. Rc2 Kd7 67. b7 1-0

[Event "Hoogeveen Unive op 17th"]
[Site "Hoogeveen"]
[Date "2013.10.22"]
[Round "5"]
[White "Okkes, Menno"]
[Black "L'Ami, Erwin"]
[Result "1/2-1/2"]
[WhiteElo "2351"]
[BlackElo "2645"]
[PlyCount "133"]
[EventDate "2013.10.18"]
[EventType "swiss"]
[EventRounds "9"]
[EventCountry "NED"]
[SourceTitle "EXT 2014"]
[Source "ChessBase"]
[SourceDate "2013.11.20"]
[SourceVersion "1"]
[SourceVersionDate "2013.11.20"]
[SourceQuality "1"]

1. Nf3 Nf6 2. c4 e6 3. g3 d5 4. Bg2 Nbd7 5. Qc2 b6 6. cxd5 Nxd5 7. Nc3 Bb7 8. Nxd5 Bxd5 9. 0-0 c5 10. b3 Be7 11. Bb2 Bf6 12. Rac1 0-0 13. d4 Rc8 14. e4 Bb7 15. Qe2 cxd4 16. Nxd4 Nc5 17. Rfd1 Ba6 18. Qe3 Nd3 19. Rxc8 Qxc8 20. Rxd3 Bxd3 21. e5 Be7 22. Qxd3 Rd8 23. Qe2 Qd7 24. Bc6 Qc7 25. Be4 Bb4 26. Kg2 g6 27. Nf3 Qc5 28. h4 Bc3 29. Bxc3 Qxc3 30. Qe3 Qxe3 31. fxe3 Rd1 32. a4 Rc1 33. Nd4 Rc5 34. Kf3 a5 35. Kf4 Kf8 36. Bd3 Rc3 37. Bc4 Ke7 38. Nf3 Rc2 39. Ng5 Rf2+ 40. Ke4 h6 41. Nh3 Rh2 42. Nf4 Rf2 43. g4 h5 44. gxh5 gxh5 45. Nxh5 Rh2 46. Nf6 Rxh4+ 47. Kd3 Rh1 48. Ne4 Rh5 49. Kd4 Rh4 50. Kd3 Rh5 51. Kd4 Rh4 52. Bb5 Rh1 53. Be2 Kd7 54. Bb5+ Ke7 55. Nd2 Rh4+ 56. Kd3 Kd8 57. Nc4 Kc7 58. Be8 Rh7 59. Kd4 Rh4+ 60. Kd3 Rh7 61. Ke4 Rh4+ 62. Kf3 Rh1 63. Kg4 Rf1 64. Kg5 Kd8 65. Bb5 Kc7 66. Nd6 Rf3 67. Nc4 1/2-1/2

[Event "Hoogeveen Unive op 17th"]
[Site "Hoogeveen"]
[Date "2013.10.19"]
[Round "2"]
[White "Baskin, Robert"]
[Black "Okkes, Menno"]
[Result "1/2-1/2"]
[WhiteElo "2179"]
[BlackElo "2351"]
[PlyCount "85"]
[EventDate "2013.10.18"]
[EventType "swiss"]
[EventRounds "9"]
[EventCountry "NED"]
[SourceTitle "EXT 2014"]
[Source "ChessBase"]
[SourceDate "2013.11.20"]
[SourceVersion "1"]
[SourceVersionDate "2013.11.20"]
[SourceQuality "1"]

1. e4 c5 2. Nf3 Nc6 3. d4 cxd4 4. Nxd4 Nf6 5. Nc3 d6 6. Bc4 e6 7. Be3 Be7 8. 0-0 0-0 9. Qe2 a6 10. a4 Bd7 11. Kh1 Nxd4 12. Bxd4 Bc6 13. f4 d5 14. Rad1 Re8 15. Bb3 Bb4 16. exd5 exd5 17. Qd3 Bf8 18. Bxf6 Qxf6 19. Nxd5 Qd6 20. Qf5 Re2 21. Bc4 Qe6 22. Qxe6 Rxe6 23. Nc7 Rg6 24. f5 Bxg2+ 25. Kg1 Bc5+ 26. Rf2 Rg4 27. h3 Bxh3+ 28. Kh2 Rc8 29. Bxf7+ Kxf7 30. Rd7+ Kg8 31. Kxh3 Rd4 32. Rxd4 Bxd4 33. Rd2 Be3 34. Rd7 Bg5 35. Ne6 Bf6 36. c3 b6 37. Rd6 Rc4 38. Rxb6 Rxa4 39. Rb8+ Kf7 40. Rb7+ Kg8 41. Rb8+ Kf7 42. Rb7+ Kg8 43. Rb8+ 1/2-1/2

[Event "NED-chT 1213"]
[Site "Netherlands"]
[Date "2013.02.16"]
[Round "6.6"]
[White "Okkes, Menno"]
[Black "Van der Heijden, Ton"]
[Result "1-0"]
[WhiteElo "2375"]
[BlackElo "2285"]
[PlyCount "71"]
[EventDate "2012.09.15"]
[EventType "team-tourn"]
[EventRounds "9"]
[EventCountry "NED"]
[SourceTitle "EXT 2014"]
[Source "ChessBase"]
[SourceDate "2013.11.20"]
[SourceVersion "1"]
[SourceVersionDate "2013.11.20"]
[SourceQuality "1"]
[WhiteTeam "Utrecht"]
[BlackTeam "BSG"]
[WhiteTeamCountry "NED"]
[BlackTeamCountry "NED"]

1. Nf3 c5 2. c4 g6 3. e4 Bg7 4. d4 cxd4 5. Nxd4 Nc6 6. Be3 Nf6 7. Nc3 0-0 8. Be2 b6 9. 0-0 Bb7 10. Ndb5 d6 11. Qd2 Qd7 12. f3 Rfd8 13. Rfd1 Ne8 14. Rac1 e6 15. Kh1 Qe7 16. Bf1 Rd7 17. Qf2 f5 18. exf5 gxf5 19. a3 f4 20. Bxf4 a6 21. Nxd6 Nxd6 22. Qxb6 e5 23. Be3 Nd4 24. c5 N6f5 25. Bxd4 Nxd4 26. c6 Nxc6 27. Nd5 Qd8 28. Rxc6 Kh8 29. Bc4 Bxc6 30. Qxc6 Rc8 31. Qxa6 Rc5 32. b4 Rc8 33. Bf1 Rc2 34. Qd3 Rc6 35. Qe4 Rc8 36. Bd3 1-0